000 00941cam a22002774a 4500
001 12752631
003 OSt
005 20230606110904.0
008 020424s2002 enk 000 0 eng
010 _a 2002006492
020 _a0745319866 (hardback)
040 _aDLC
_cDLC
_dDLC
042 _apcc
043 _ab------
082 0 0 _a351.0075
_bMCG
100 1 _aMcGee, David G.
245 1 4 _aThe overseers :
_bpublic accounts committees and public spending /
_cDavid G. McGee.
260 _aLondon ;
_aSterling, Va. :
_bPluto Press,
_c2002.
300 _axii, 115 p. ;
_c23 cm.
650 0 _aLegislative bodies
_zCommonwealth countries
_xCommittees.
650 0 _aComparative government.
651 0 _aCommonwealth countries
_xPolitics and government.
906 _a7
_bcbc
_corignew
_d1
_eecip
_f20
_gy-gencatlg
942 _2ddc
_cBK
999 _c589
_d589